000 00725nam a22002417a 4500
003 UA-OsUOA
001 50799
007 ta
008 20140626b un ||||| |||| 00| 0 ukr d
100 _aАндрійчук О.
090 _a82-92
_bА65
942 _cBK
040 _aUA-OsUOA
_bukr
_cUA-OsUOA
_dUA-OsUOA
245 _aУкраїна-Європа: тести на сумісність
300 _a374 с.
955 _a1
041 _aukr
080 _a82-92
260 _aК.
_bСмолоскип
_c2007
650 7 _a82 Література. Літературознавство
_2UDC
999 _c430928
_d430928